000 00653nmm a2200193Ia 4500
008 251105s9999||||xx |||||||||||||||||und||
020 _a9789587389357
041 _aspa
100 _aBrown, Lester R.
245 0 _aUn planeta sobrepoblado y platos vacíos: La nueva geopolítica de la escasez de alimentos
264 _a[Bogotá, Colombia] :
_bUniversidad del Rosario,
_c2017
300 _a205 páginas
650 _aSocial Sciences (General)
700 _aBrown, Lester R.
700 1 _a González, Gilberto Rincón
700 1 _a Cifuentes Guerrero, Julie Alejandra
856 _uhttps://public.digitaliapublishing.com/a/60972
942 _cCF
999 _c63151
_d63151